[Event "XXVI Memorial Edoardo Crespi A"]
[Site "Milano ITA"]
[Date "2005.12.09"]
[Round "4"]
[White "Papa, Angelo"]
[Black "Bernago, Federico"]
[Result "0-1"]
[WhiteElo "1900"]
[BlackElo "1981"]
[PlyCount "150"]
[EventDate "2005.12.07"]

1. d4 Nf6 2. Nf3 c5 3. e3 e6 4. Bd3 d5 5. b3 Nc6 6. a3 Bd6 7. Bb2 b6 8. O-O Bb7
9. Nbd2 O-O 10. Ne5 Re8 11. f4 Bf8 12. Qf3 g6 13. Bb5 Rc8 14. g4 a6 15. Bd3 Qe7
16. Rf2 c4 17. g5 cxd3 18. gxf6 Qxf6 19. Nxd3 Bg7 20. Ne5 Nxe5 21. fxe5 Qg5+
22. Rg2 Qf5 23. Qxf5 exf5 24. Nf3 b5 25. Re2 Rc7 26. Rc1 Rec8 27. Ne1 Bf8 28.
Nd3 g5 29. b4 Rc4 30. Kf2 R8c7 31. Nc5 Bxc5 32. bxc5 Rc6 33. Kf3 Bc8 34. Rg2 h6
35. Ke2 Be6 36. Kd3 Kg7 37. c3 f6 38. exf6+ Kxf6 39. Rf1 a5 40. Re2 b4 41. axb4
axb4 42. e4 bxc3 43. Bxc3 Kg6 44. exd5 Bxd5 45. Re5 Bg8 46. Rexf5 Ra4 47. R1f2
Ba2 48. Re5 Bb1+ 49. Ke2 Ra2+ 50. Kf1 Ra3 51. Bd2 Rd3 52. Be3 Ra6 53. Rb2 Ba2
54. Rb6+ Rxb6 55. cxb6 Bc4 56. Ke1 Rb3 57. d5 Bxd5 58. Kd2 Bf3 59. Kc2 Ra3 60.
Kb2 Ra4 61. Kb3 Ra1 62. Bd4 Rh1 63. Rb5 Rb1+ 64. Bb2 Rh1 65. b7 Bxb7 66. Rxb7
Rxh2 67. Rb6+ Kf5 68. Kc4 h5 69. Kd3 Rh3+ 70. Ke2 g4 71. Kf2 h4 72. Rb4 Rh2+
73. Kg1 g3 74. Bc3 h3 75. Bd4 Rd2 0-1

[Event "XXVI Memorial Edoardo Crespi A"]
[Site "Milano ITA"]
[Date "2005.12.09"]
[Round "4"]
[White "Pattarello, Pierluigi"]
[Black "Tencati, Giuseppe"]
[Result "0-1"]
[WhiteElo "1969"]
[BlackElo "2132"]
[PlyCount "60"]
[EventDate "2005.12.07"]

1. d4 d5 2. c4 c6 3. Nf3 e6 4. Nc3 dxc4 5. a4 Bb4 6. e3 b5 7. Bd2 Bb7 8. axb5
Bxc3 9. Bxc3 cxb5 10. b3 a5 11. bxc4 b4 12. Bd2 Nf6 13. Bd3 Nbd7 14. O-O O-O
15. Qb1 Qc7 16. e4 e5 17. d5 Rfe8 18. Be3 Nc5 19. Nd2 Nfd7 20. f4 a4 21. fxe5
Nxe5 22. Be2 b3 23. Kh1 Ra6 24. Bf4 Qe7 25. Qb2 a3 26. Rxa3 Ned3 27. Bxd3 Nxd3
28. Qxb3 Rxa3 29. d6 Rxb3 30. dxe7 Rb2 0-1

[Event "XXVI Memorial Edoardo Crespi A"]
[Site "Milano ITA"]
[Date "2005.12.09"]
[Round "4"]
[White "Ranola, Yves"]
[Black "Pace, Pietro Dario"]
[Result "1-0"]
[WhiteElo "2455"]
[BlackElo "2233"]
[PlyCount "67"]
[EventDate "2005.12.07"]

1. Nf3 Nf6 2. g3 g6 3. b3 Bg7 4. Bb2 O-O 5. Bg2 c5 6. c4 Nc6 7. O-O d6 8. d4
cxd4 9. Nxd4 Bd7 10. Nc3 Rc8 11. Nd5 Nxd5 12. Bxd5 Bh3 13. Re1 Qb6 14. e3 Bd7
15. Qd2 Rfe8 16. Rab1 Nxd4 17. Bxd4 Bxd4 18. exd4 Bc6 19. Bxc6 Qxc6 20. d5 Qd7
21. Re4 e5 22. dxe6 Rxe6 23. Rd4 Qe7 24. Rd1 Rc6 25. Kf1 a6 26. Qh6 Qf6 27. Rf4
Qg7 28. Qg5 Qe5 29. Qg4 Kg7 30. Rd5 Qe1+ 31. Kg2 Qe2 32. Qh4 h6 33. Qd8 Re8 34.
Qf6+ 1-0

[Event "XXVI Memorial Edoardo Crespi A"]
[Site "Milano ITA"]
[Date "2005.12.09"]
[Round "4"]
[White "Salmoiraghi, Angelo"]
[Black "Brugo, Marco"]
[Result "1-0"]
[WhiteElo "1959"]
[BlackElo "2036"]
[PlyCount "91"]
[EventDate "2005.12.07"]

1. e4 e6 2. d3 d5 3. Nd2 Nf6 4. Ngf3 Nc6 5. e5 Nd7 6. d4 f6 7. exf6 Nxf6 8. c4
Bd6 9. Bd3 O-O 10. O-O Qe8 11. Re1 Qh5 12. c5 e5 13. cxd6 e4 14. Ne5 Qxd1 15.
Rxd1 exd3 16. Nxc6 bxc6 17. dxc7 Rf7 18. Nb3 Rxc7 19. Rxd3 Bf5 20. Bf4 Bxd3 21.
Bxc7 Re8 22. Be5 Nd7 23. f4 c5 24. Nxc5 Nxc5 25. dxc5 Bb5 26. a4 Bc6 27. b4 a6
28. Kf2 Re7 29. b5 axb5 30. axb5 Bxb5 31. Ra8+ Kf7 32. Rb8 Bc6 33. Rb6 Re6 34.
Ke3 g6 35. Kd4 Ke8 36. g4 h5 37. f5 gxf5 38. gxf5 Rh6 39. Bg7 Rh7 40. f6 Bd7
41. h4 Kf7 42. Rb7 Ke6 43. Rxd7 Kxd7 44. Kxd5 Kc7 45. c6 Kc8 46. f7 1-0

[Event "XXVI Memorial Edoardo Crespi A"]
[Site "Milano ITA"]
[Date "2005.12.09"]
[Round "4"]
[White "Sardo, Gabriele"]
[Black "Regorda, Vittorio"]
[Result "1-0"]
[WhiteElo "2194"]
[BlackElo "1938"]
[PlyCount "81"]
[EventDate "2005.12.07"]

1. e4 e6 2. d4 d5 3. Nd2 c5 4. exd5 exd5 5. Ngf3 Nc6 6. Bb5 Bd6 7. O-O Nge7 8.
dxc5 Bxc5 9. Nb3 Bd6 10. Re1 O-O 11. Bd3 Bg4 12. Bxh7+ Kh8 13. Bd3 Ne5 14. Be2
Bf5 15. Nxe5 Bxe5 16. Bd3 Bxd3 17. Qxd3 Qc7 18. g3 Nc6 19. c3 Rfe8 20. Be3 Rad8
21. Re2 Bf6 22. Bf4 Qd7 23. Rae1 Rxe2 24. Rxe2 g5 25. Bc1 Qg4 26. Nd4 Ne5 27.
Qf5 Qxf5 28. Nxf5 d4 29. Nxd4 Nd3 30. Be3 Kg8 31. Nf3 g4 32. Ne1 Ne5 33. Bd4
Nf3+ 34. Nxf3 gxf3 35. Re3 Bxd4 36. cxd4 Rxd4 37. Rxf3 b5 38. Rf5 Rb4 39. b3
Kg7 40. Rf4 Rxf4 41. gxf4 1-0

[Event "XXVI Memorial Edoardo Crespi A"]
[Site "Milano ITA"]
[Date "2005.12.09"]
[Round "4"]
[White "Tramalloni, Luca"]
[Black "Cazzaniga, Walter"]
[Result "1/2-1/2"]
[WhiteElo "2136"]
[BlackElo "2104"]
[PlyCount "61"]
[EventDate "2005.12.07"]

1. d4 Nf6 2. c4 g6 3. Nc3 Bg7 4. e4 d6 5. Be2 O-O 6. Bg5 h6 7. Be3 e5 8. d5 a5
9. h4 Na6 10. h5 g5 11. g4 Bd7 12. f3 Qe7 13. Nh3 Nh7 14. Nf2 Rfb8 15. O-O Bf8
16. a3 Qe8 17. b3 f6 18. Qc2 Be7 19. Qb2 c5 20. Nb5 Qc8 21. Rfc1 Nf8 22. Bd2 b6
23. Nd3 Qb7 24. Ra2 Bxb5 25. cxb5 Nc7 26. Nf2 Qc8 27. Nh1 Qd7 28. Ng3 Kh7 29.
Nf5 Qe8 30. Qc2 Nd7 31. a4 1/2-1/2

[Event "XXVI Memorial Edoardo Crespi A"]
[Site "Milano ITA"]
[Date "2005.12.10"]
[Round "5"]
[White "Astengo, Corrado"]
[Black "D'Apa, Matteo"]
[Result "1/2-1/2"]
[WhiteElo "2105"]
[BlackElo "2004"]
[PlyCount "43"]
[EventDate "2005.12.07"]

1. e4 e5 2. Nf3 Nc6 3. Bb5 a6 4. Ba4 d6 5. c3 Bd7 6. d4 Nge7 7. Be3 g6 8. Qd2
Bg7 9. Bh6 O-O 10. h4 f5 11. d5 Nb8 12. Bxg7 Kxg7 13. Ng5 b5 14. Bc2 h6 15. Nf3
fxe4 16. Bxe4 Bf5 17. Bxf5 Rxf5 18. Na3 c5 19. dxc6 Nbxc6 20. Nc2 d5 21. Ne3
Rf4 22. Rd1 1/2-1/2

[Event "XXVI Memorial Edoardo Crespi A"]
[Site "Milano ITA"]
[Date "2005.12.10"]
[Round "5"]
[White "Bellani, Alessandro"]
[Black "Bonade', Massimo"]
[Result "0-1"]
[WhiteElo "2116"]
[BlackElo "2070"]
[PlyCount "88"]
[EventDate "2005.12.07"]

1. e4 c5 2. Ne2 d6 3. Nbc3 Nf6 4. d4 cxd4 5. Nxd4 a6 6. Bg5 e6 7. f4 Be7 8. Qf3
Qc7 9. O-O-O Nbd7 10. g4 b5 11. Bxf6 Nxf6 12. g5 Nd7 13. a3 Rb8 14. h4 b4 15.
axb4 Rxb4 16. Bh3 Qb6 17. Nxe6 fxe6 18. Bxe6 Rxb2 19. Rd2 Qb4 20. e5 Qa3 21.
Kd1 Rb1+ 22. Ke2 Rxh1 23. Qxh1 Qxc3 24. exd6 a5 25. Qd5 Ba6+ 26. Kf2 Qc5+ 27.
Kg3 Qxd5 28. Rxd5 Bd8 29. f5 Bb6 30. Rd1 Kd8 31. h5 Bc5 32. c4 a4 33. Kf4 a3
34. Ke4 Bb7+ 35. Kf4 a2 36. g6 hxg6 37. hxg6 Rh1 38. Bxd7 Rxd1 39. f6 a1=Q 40.
f7 Qd4+ 41. Kf5 Qe4+ 42. Kg5 Rg1+ 43. Kh5 Qh1+ 44. Bh3 Qxh3# 0-1

[Event "XXVI Memorial Edoardo Crespi A"]
[Site "Milano ITA"]
[Date "2005.12.10"]
[Round "5"]
[White "Bettini, Massimo"]
[Black "Ranfagni, Stefano"]
[Result "0-1"]
[WhiteElo "1923"]
[BlackElo "1981"]
[PlyCount "86"]
[EventDate "2005.12.07"]

1. e4 e6 2. d4 d5 3. Nc3 dxe4 4. Nxe4 Nd7 5. Nf3 Ngf6 6. Nxf6+ Nxf6 7. Bg5 Be7
8. Bd3 h6 9. Bxf6 Bxf6 10. Qe2 Qe7 11. O-O Bd7 12. c3 Bc6 13. Rfe1 Qd6 14. Rad1
O-O 15. Ne5 Bxe5 16. dxe5 Qe7 17. Qg4 Qg5 18. Qxg5 hxg5 19. Re3 Rfd8 20. Rde1
Rd5 21. b4 Rad8 22. Bc4 Rd2 23. Bb3 R8d3 24. c4 a6 25. a4 b6 26. b5 axb5 27.
cxb5 Bd5 28. Rxd3 Rxd3 29. Bxd5 Rxd5 30. f3 Rc5 31. Kf2 Kh7 32. Ke3 Rxe5+ 33.
Kd2 Rxe1 34. Kxe1 Kg6 35. g4 Kf6 36. Kd2 Ke5 37. Ke3 f5 38. h3 f4+ 39. Kd3 Kd5
40. Ke2 Kd4 41. Kd2 e5 42. Ke2 e4 43. fxe4 Kxe4 0-1

[Event "XXVI Memorial Edoardo Crespi A"]
[Site "Milano ITA"]
[Date "2005.12.10"]
[Round "5"]
[White "Bevilacqua, Maurizio"]
[Black "Tramalloni, Luca"]
[Result "0-1"]
[WhiteElo "2172"]
[BlackElo "2136"]
[PlyCount "114"]
[EventDate "2005.12.07"]

1. d4 Nf6 2. c4 e6 3. Nf3 b6 4. a3 Ba6 5. Qc2 d5 6. cxd5 exd5 7. g3 Bd6 8. Bh3
O-O 9. O-O Re8 10. Nc3 h6 11. b4 c5 12. b5 Bb7 13. Bf4 Ne4 14. Bxd6 Qxd6 15. e3
Nd7 16. dxc5 bxc5 17. Rfd1 Ndf6 18. Nxe4 Nxe4 19. Bg2 Qe7 20. Qb2 Rad8 21. a4
Rd6 22. Ra3 f5 23. Qc1 Rf8 24. Ne1 Rdf6 25. Ra2 c4 26. Qa3 Qe5 27. Nf3 Qe8 28.
Nd4 g5 29. f3 Nd6 30. Kf2 f4 31. exf4 gxf4 32. g4 Ne4+ 33. Kg1 Qe5 34. Re2 h5
35. h3 hxg4 36. hxg4 Qg5 37. Qe7 R8f7 38. Qd8+ Rf8 39. Qe7 R8f7 40. Qd8+ Rf8
41. Qc7 R8f7 42. Qb8+ Kg7 43. fxe4 dxe4 44. Nf5+ Rxf5 45. Rd8 Rf8 46. Qxb7+
R5f7 47. Rd7 f3 48. Rxf7+ Rxf7 49. Qxe4 fxe2 50. Qxe2 Qc5+ 51. Kh2 c3 52. Be4
Qe5+ 53. Kh3 Re7 54. Qd3 Qxe4 55. Qxc3+ Qe5 56. Qc6 Qe3+ 57. Kg2 Qe4+ 0-1

[Event "XXVI Memorial Edoardo Crespi A"]
[Site "Milano ITA"]
[Date "2005.12.10"]
[Round "5"]
[White "Bosi, Clint"]
[Black "Salmoiraghi, Angelo"]
[Result "0-1"]
[WhiteElo "2027"]
[BlackElo "1959"]
[PlyCount "88"]
[EventDate "2005.12.07"]

1. e4 e6 2. d4 d5 3. Nc3 Nf6 4. e5 Nfd7 5. Nf3 c5 6. Bf4 Nc6 7. Bb5 a6 8. Bxc6
bxc6 9. O-O cxd4 10. Nxd4 c5 11. Nf3 Be7 12. Re1 Bb7 13. Qd2 O-O 14. Rad1 Rb8
15. Ng5 h6 16. Nf3 g5 17. Bg3 g4 18. Qxh6 gxf3 19. gxf3 Bg5 20. Qh5 Kg7 21. Qg4
Kh7 22. f4 Bh6 23. f5 Qg5 24. Qh3 d4 25. fxe6 fxe6 26. Qxe6 Qf5 27. Qxf5+ Rxf5
28. e6 Ne5 29. Bxe5 Rg8+ 30. Bg3 Bf3 31. Ne2 Re8 32. Nxd4 cxd4 33. Rxd4 Bg7 34.
Rd7 Kg6 35. b4 Bc3 36. Re3 Bxb4 37. h4 Bc5 38. Re5 Rxe5 39. Bxe5 Rxe6 40. Rg7+
Kh6 41. Bc3 Bb4 42. Rf7 Rg6+ 43. Kh2 Bd6+ 44. Kh3 Bg2# 0-1

[Event "XXVI Memorial Edoardo Crespi A"]
[Site "Milano ITA"]
[Date "2005.12.10"]
[Round "5"]
[White "Bozzali, Ermanno"]
[Black "Jara, Erik"]
[Result "0-1"]
[WhiteElo "2108"]
[BlackElo "2139"]
[PlyCount "80"]
[EventDate "2005.12.07"]

1. e4 e6 2. d4 d5 3. Nc3 Bb4 4. e5 c5 5. Bd2 a6 6. a3 Bxc3 7. bxc3 Ne7 8. f4
Nbc6 9. Nf3 O-O 10. Be2 f6 11. O-O Bd7 12. Qe1 Qb6 13. Rb1 Qa7 14. dxc5 Qxc5+
15. Kh1 Rab8 16. Bd3 Qxa3 17. exf6 Rxf6 18. g4 Qd6 19. g5 Rff8 20. Nd4 Nf5 21.
Rf3 Nce7 22. Rh3 g6 23. Nf3 Nc6 24. Bxf5 exf5 25. Qh4 Rf7 26. Be3 d4 27. cxd4
Qd5 28. Kg1 Re8 29. Qf2 Rfe7 30. Ne5 Nxe5 31. dxe5 Bc6 32. Qf1 Rd7 33. Kf2 Qe4
34. Rc1 Red8 35. Rg3 Rd2+ 36. Ke1 Rxc2 37. Rxc2 Qxc2 38. Qe2 Qb1+ 39. Kf2 Bb5
40. Qe1 Qc2+ 0-1

[Event "XXVI Memorial Edoardo Crespi A"]
[Site "Milano ITA"]
[Date "2005.12.10"]
[Round "5"]
[White "Brigati, Alessandro"]
[Black "Sardo, Gabriele"]
[Result "1/2-1/2"]
[WhiteElo "2006"]
[BlackElo "2194"]
[PlyCount "115"]
[EventDate "2005.12.07"]

1. d4 d5 2. c4 c6 3. Nf3 Nf6 4. Nc3 a6 5. a4 e6 6. e3 Nbd7 7. Bd2 Bd6 8. Bd3
O-O 9. O-O e5 10. cxd5 cxd5 11. dxe5 Nxe5 12. Nxe5 Bxe5 13. h3 Bc7 14. Ne2 Qd6
15. f4 Re8 16. Nd4 Ne4 17. Rf3 Bd7 18. Bc3 Nxc3 19. bxc3 Bb6 20. Rg3 Bxd4 21.
cxd4 g6 22. h4 b5 23. axb5 axb5 24. Rb1 b4 25. h5 Ra3 26. hxg6 hxg6 27. Kf2
Ra2+ 28. Kg1 Kg7 29. Qe1 Ra3 30. Rd1 Ba4 31. Rd2 Qxf4 32. exf4 Rxe1+ 33. Kf2
Rd1 34. Rxd1 Bxd1 35. f5 Bh5 36. Ke1 Ra2 37. fxg6 fxg6 38. Rg5 Kf6 39. Rxd5
Rxg2 40. Rb5 Rb2 41. Rb6+ Kf7 42. d5 g5 43. d6 Ke6 44. Bc4+ Ke5 45. d7 Rb1+ 46.
Kf2 Rd1 47. Rb5+ Kf6 48. Bd5 Ke7 49. Bc6 Bg4 50. Rxb4 Bxd7 51. Bxd7 Rxd7 52.
Kg3 Kf6 53. Kg4 Rd6 54. Ra4 Kg6 55. Rb4 Rf6 56. Ra4 Rf1 57. Ra6+ Rf6 58. Ra4
1/2-1/2

[Event "XXVI Memorial Edoardo Crespi A"]
[Site "Milano ITA"]
[Date "2005.12.10"]
[Round "5"]
[White "Brugo, Marco"]
[Black "Papa, Angelo"]
[Result "1-0"]
[WhiteElo "2036"]
[BlackElo "1900"]
[PlyCount "66"]
[EventDate "2005.12.07"]

1. d4 d6 2. e4 Nf6 3. Nc3 c6 4. h3 Nbd7 5. Nf3 e5 6. Be3 Be7 7. Be2 O-O 8. a4
exd4 9. Nxd4 Nc5 10. Bf3 a5 11. O-O Re8 12. Re1 Be6 13. Qd2 Qd7 14. Rad1 Rad8
15. Bf4 Qc8 16. g4 d5 17. e5 Nfd7 18. Nf5 Bxf5 19. gxf5 Ne4 20. Bxe4 dxe4 21.
Qe2 Nc5 22. Rxd8 Rxd8 23. Qg4 Rd4 24. Be3 Rc4 25. Bxc5 Bxc5 26. Rxe4 Rxe4 27.
Nxe4 Bf8 28. Qh5 Qc7 29. e6 fxe6 30. fxe6 Qf4 31. Ng5 Qf5 32. Qf7+ Qxf7 33.
exf7+ Kh8 1-0

[Event "XXVI Memorial Edoardo Crespi A"]
[Site "Milano ITA"]
[Date "2005.12.10"]
[Round "5"]
[White "Cazzaniga, Walter"]
[Black "Barlocco, Carlo"]
[Result "0-1"]
[WhiteElo "2104"]
[BlackElo "2224"]
[PlyCount "100"]
[EventDate "2005.12.07"]

1. d4 d5 2. c4 c6 3. Nf3 e6 4. Nc3 dxc4 5. g3 b5 6. Bg2 Bb7 7. a4 a6 8. O-O Nf6
9. Ne5 Nd5 10. e4 Nxc3 11. bxc3 Nd7 12. f4 Be7 13. Qg4 O-O 14. Nxd7 Qxd7 15. f5
exf5 16. Qxf5 Qxf5 17. Rxf5 Rfe8 18. Be3 Bf8 19. Raf1 f6 20. Bc1 Rad8 21. R5f2
b4 22. Bb2 a5 23. Rf5 Ra8 24. e5 Be7 25. exf6 gxf6 26. Rd1 Red8 27. Bf1 Ba6 28.
Rxa5 Kg7 29. Rf5 Bc8 30. Rf2 Rxa4 31. cxb4 Be6 32. Rc1 Rxb4 33. Ba3 Rxd4 34.
Bxb4 Bxb4 35. Bg2 Bd2 36. Rxd2 Rxd2 37. Bxc6 f5 38. Rc3 Rb2 39. Bg2 Kf6 40. Bf1
Rb4 41. Kf2 Ke5 42. Re3+ Kd6 43. h4 Bd5 44. h5 h6 45. Bh3 Rb2+ 46. Ke1 Be6 47.
Rf3 Rb3 48. Rf4 Rxg3 49. Bf1 Ke5 50. Rh4 f4 0-1

[Event "XXVI Memorial Edoardo Crespi A"]
[Site "Milano ITA"]
[Date "2005.12.10"]
[Round "5"]
[White "Del Rey, Diego"]
[Black "Ranola, Yves"]
[Result "1-0"]
[WhiteElo "2425"]
[BlackElo "2455"]
[PlyCount "59"]
[EventDate "2005.12.07"]

1. c4 g6 2. d4 Bg7 3. Nf3 d6 4. Nc3 Bg4 5. e3 Nc6 6. Be2 e5 7. d5 Nce7 8. e4
Bxf3 9. gxf3 Nf6 10. f4 exf4 11. Bxf4 O-O 12. h4 Nd7 13. Qd2 f5 14. h5 Nc5 15.
Bh6 Bh8 16. hxg6 hxg6 17. Bxf8 Qxf8 18. f3 Be5 19. Kd1 Qf6 20. Kc2 a5 21. Qh6
a4 22. f4 Bd4 23. e5 dxe5 24. Qh7+ Kf8 25. Qh8+ Qxh8 26. Rxh8+ Ng8 27. Nb5 a3
28. Nxd4 axb2 29. Rg1 exd4 30. Rxg6 1-0

[Event "XXVI Memorial Edoardo Crespi A"]
[Site "Milano ITA"]
[Date "2005.12.10"]
[Round "5"]
[White "Fiorili, Roberto"]
[Black "Cereda, Loris"]
[Result "0-1"]
[WhiteElo "1963"]
[BlackElo "2044"]
[PlyCount "28"]
[EventDate "2005.12.07"]

1. d4 Nf6 2. c4 e6 3. Nc3 d5 4. Bg5 Nbd7 5. e3 c6 6. Nf3 Qa5 7. a3 Ne4 8. Qc2
Nxg5 9. Nxg5 dxc4 10. Nxh7 Bb4 11. f4 Bxc3+ 12. bxc3 Rxh7 13. Bxc4 Rh8 14. h3
Nb6 0-1

[Event "XXVI Memorial Edoardo Crespi A"]
[Site "Milano ITA"]
[Date "2005.12.10"]
[Round "5"]
[White "Frova, Martino"]
[Black "Crimi, Alessandro"]
[Result "0-1"]
[WhiteElo "1899"]
[BlackElo "1940"]
[PlyCount "60"]
[EventDate "2005.12.07"]

1. e4 c5 2. Nf3 e6 3. d4 cxd4 4. Nxd4 Nf6 5. Nc3 d6 6. Be2 Be7 7. Be3 a6 8. a4
O-O 9. O-O Qc7 10. f4 Nc6 11. Nb3 Nb4 12. Rc1 b6 13. Bd3 Bb7 14. Nd2 d5 15. e5
Nd7 16. Rf3 g6 17. Rg3 Nc5 18. Qh5 Ncxd3 19. Qh6 Bc5 20. cxd3 Nxd3 21. f5 exf5
22. Rc2 f4 23. Nce4 dxe4 24. Bxc5 fxg3 25. Bxf8 gxh2+ 26. Kh1 Nf2+ 27. Kxh2
Qxe5+ 28. Kg1 Rxf8 29. Kxf2 e3+ 30. Qxe3 Qf5+ 0-1

[Event "XXVI Memorial Edoardo Crespi A"]
[Site "Milano ITA"]
[Date "2005.12.10"]
[Round "5"]
[White "Giannetta, Paolo"]
[Black "Attianese, Aniello"]
[Result "0-1"]
[WhiteElo "2039"]
[BlackElo "1974"]
[PlyCount "36"]
[EventDate "2005.12.07"]

1. d4 d5 2. Bg5 Nf6 3. Bxf6 exf6 4. e3 c5 5. dxc5 Bxc5 6. c3 Nc6 7. Nd2 Bf5 8.
Nb3 Bb6 9. Bd3 Be4 10. Bxe4 dxe4 11. Qg4 O-O 12. Qxe4 Re8 13. Qc2 Qe7 14. O-O-O
Nb4 15. Qe2 Qe4 16. cxb4 Rac8+ 17. Nc5 Bxc5 18. Qd3 Bxe3+ 0-1

[Event "XXVI Memorial Edoardo Crespi A"]
[Site "Milano ITA"]
[Date "2005.12.10"]
[Round "5"]
[White "Grasso, Nino"]
[Black "Cervini, Gian Piero"]
[Result "1-0"]
[WhiteElo "1975"]
[BlackElo "2028"]
[PlyCount "65"]
[EventDate "2005.12.07"]

1. e4 d6 2. d4 Nf6 3. Bd3 g6 4. Nf3 Bg7 5. c4 c6 6. Nc3 Na6 7. O-O O-O 8. Re1
c5 9. e5 dxe5 10. dxe5 Ng4 11. a3 b6 12. Bf4 Nh6 13. Be4 Rb8 14. e6 Bxc3 15.
bxc3 Bxe6 16. Bxh6 Qxd1 17. Raxd1 Rfd8 18. Bd5 Bxd5 19. cxd5 Nc7 20. c4 b5 21.
Rxe7 Ne6 22. Ne5 bxc4 23. g3 c3 24. Nc6 c2 25. Rc1 Nd4 26. Nxd4 cxd4 27. Rxc2
d3 28. Rcc7 Rxd5 29. Rxf7 d2 30. Rg7+ Kh8 31. Rxh7+ Kg8 32. Rcg7+ Kf8 33. Rh8#
1-0

[Event "XXVI Memorial Edoardo Crespi A"]
[Site "Milano ITA"]
[Date "2005.12.10"]
[Round "5"]
[White "Grillo, Francesco"]
[Black "Nardone, Massimo"]
[Result "1-0"]
[WhiteElo "2037"]
[BlackElo "1910"]
[PlyCount "75"]
[EventDate "2005.12.07"]

1. d4 f5 2. g3 g6 3. Bg2 Bg7 4. c4 Nf6 5. Nc3 c6 6. Nf3 O-O 7. O-O d6 8. Qb3
Qc7 9. Rd1 Nbd7 10. Ng5 Nb8 11. d5 h6 12. Nh3 g5 13. Qc2 Ng4 14. e3 e5 15. dxe6
Bxe6 16. b3 d5 17. Ba3 Rd8 18. cxd5 cxd5 19. Rac1 Rc8 20. Bb2 Nd7 21. Qd2 Qa5
22. Nxd5 Qxd2 23. Rxd2 Rxc1+ 24. Bxc1 Kf7 25. Rc2 Be5 26. f3 Bxd5 27. fxg4 Bxg2
28. Kxg2 fxg4 29. Nf2 Nf6 30. Nd3 Bd6 31. Bb2 Re8 32. Rf2 Re6 33. Bd4 b6 34. e4
Ke7 35. e5 Ne4 36. Re2 Bxe5 37. Nxe5 Kd6 38. Rxe4 1-0

[Event "XXVI Memorial Edoardo Crespi A"]
[Site "Milano ITA"]
[Date "2005.12.10"]
[Round "5"]
[White "Iudicello, Giovanni"]
[Black "D'Alfonso, Nicola"]
[Result "1-0"]
[WhiteElo "2154"]
[BlackElo "2098"]
[PlyCount "101"]
[EventDate "2005.12.07"]

1. e4 c5 2. Nf3 d6 3. g3 Bg4 4. Bg2 Nc6 5. d3 Qd7 6. h3 Bh5 7. Be3 e5 8. Nbd2
Be7 9. c3 Qc7 10. a4 Nf6 11. O-O O-O 12. g4 Bg6 13. Nh4 Rad8 14. Qe2 d5 15.
Nxg6 hxg6 16. g5 d4 17. gxf6 Bxf6 18. Nc4 dxe3 19. Nxe3 Ne7 20. Rad1 Qa5 21.
Nc4 Qxa4 22. Ra1 Qd7 23. Rxa7 Nc6 24. Ra3 Qxd3 25. Qxd3 Rxd3 26. Rb3 Rb8 27.
Rb5 Be7 28. Ra1 Kh7 29. Bf1 Rf3 30. Kg2 Rf4 31. f3 f5 32. Bd3 Rd8 33. Bc2 Rd7
34. Re1 Kh6 35. Re2 Kg5 36. Nb6 Rd8 37. Nd5 fxe4 38. Nxf4 exf3+ 39. Kxf3 exf4
40. Rxb7 Bf6 41. Rg2+ Kh4 42. Bxg6 Kxh3 43. Bf5+ Kh4 44. Kxf4 Be5+ 45. Ke4 Bf6
46. Rc7 Re8+ 47. Kd3 Ne5+ 48. Kc2 c4 49. b4 Ra8 50. Kb2 Rb8 51. Rc5 1-0

[Event "XXVI Memorial Edoardo Crespi A"]
[Site "Milano ITA"]
[Date "2005.12.10"]
[Round "5"]
[White "Kopischke, Maik"]
[Black "Bonazzi, Edoardo"]
[Result "0-1"]
[WhiteElo "2007"]
[BlackElo "2161"]
[PlyCount "55"]
[EventDate "2005.12.07"]

1. d4 Nf6 2. Nf3 c5 3. d5 g6 4. c4 b5 5. cxb5 a6 6. bxa6 Bxa6 7. Nc3 d6 8. g3
Bg7 9. Bg2 Nbd7 10. O-O Nb6 11. Re1 O-O 12. Qc2 Nbxd5 13. Nxd5 Nxd5 14. Bg5 Rb8
15. Qe4 Nf6 16. Qc2 Qb6 17. Rab1 h6 18. Bd2 Bb7 19. Nh4 Bxg2 20. Nxg2 Rfc8 21.
Qc1 Kh7 22. b3 Ne4 23. e3 c4 24. f3 cxb3 25. Qxc8 Rxc8 26. Rxb3 Qxb3 27. axb3
Nxd2 28. b4 0-1

[Event "XXVI Memorial Edoardo Crespi A"]
[Site "Milano ITA"]
[Date "2005.12.10"]
[Round "5"]
[White "Magrini, Fabrizio"]
[Black "Bernago, Federico"]
[Result "1/2-1/2"]
[WhiteElo "2067"]
[BlackElo "1981"]
[PlyCount "123"]
[EventDate "2005.12.07"]

1. c4 e5 2. Nc3 Nc6 3. g3 g6 4. Bg2 Bg7 5. b3 d6 6. Bb2 f5 7. Nd5 Nce7 8. e3 c6
9. Nxe7 Nxe7 10. Ne2 O-O 11. O-O g5 12. f4 Ng6 13. Qc2 h6 14. Kh1 Qe7 15. e4
gxf4 16. gxf4 Nh4 17. Rg1 fxe4 18. Bxe4 Nf5 19. fxe5 dxe5 20. Ng3 Nxg3+ 21.
Rxg3 Kf7 22. d4 Ke8 23. Rag1 Bh8 24. dxe5 Be6 25. Qd2 Rd8 26. Qxh6 Kd7 27. Qe3
b6 28. a4 Kc7 29. a5 Qb4 30. axb6+ axb6 31. Ra1 Ra8 32. Qc1 Rxa1 33. Qxa1 Qa5
34. Qg1 Qd2 35. Bc3 Qf4 36. Bg2 Bxe5 37. Bxe5+ Qxe5 38. Re3 Qd6 39. Qe1 Bd7 40.
b4 Rh8 41. h3 Qh6 42. c5 b5 43. Qg3+ Kc8 44. Ra3 Kb7 45. Rd3 Rh7 46. Kh2 Rg7
47. Qf3 Qe6 48. Re3 Qg6 49. Re2 Rh7 50. Rf2 Qh6 51. Qe3 Qe6 52. Qc3 Re7 53. Rd2
Qf5 54. Qg3 Qe6 55. Rd6 Qf5 56. Rd2 Qe6 57. Rd4 Qf5 58. Qd6 Rg7 59. Rd2 Rh7 60.
Qd3 Qf4+ 61. Kg1 Re7 62. Rd1 1/2-1/2

[Event "XXVI Memorial Edoardo Crespi A"]
[Site "Milano ITA"]
[Date "2005.12.10"]
[Round "5"]
[White "Martinez, Rolly"]
[Black "Facchetti, Gianni"]
[Result "0-1"]
[WhiteElo "2409"]
[BlackElo "2123"]
[PlyCount "84"]
[EventDate "2005.12.07"]

1. e4 e5 2. Nf3 Nc6 3. Bb5 Bc5 4. c3 Nf6 5. O-O O-O 6. d4 Bb6 7. Bg5 h6 8. Bh4
d6 9. a4 a5 10. Bxc6 bxc6 11. dxe5 dxe5 12. Qxd8 Rxd8 13. Nxe5 g5 14. Bg3 Nxe4
15. Na3 Ba6 16. Nec4 Nxg3 17. hxg3 Re8 18. Rfe1 Rad8 19. b4 axb4 20. cxb4 Bd4
21. Rxe8+ Rxe8 22. Rd1 Ba7 23. Kf1 Rb8 24. Rb1 Rd8 25. b5 cxb5 26. Nxb5 Bc5 27.
Rc1 Rd7 28. Kg1 Re7 29. Rc2 Re1+ 30. Kh2 Bxb5 31. axb5 Rb1 32. Ne5 Rxb5 33. Nd7
Bd4 34. Rxc7 Bxf2 35. Nf6+ Kg7 36. Ne8+ Kg6 37. Rc6+ Kh7 38. Nf6+ Kg7 39. Ne8+
Kf8 40. Nf6 Bd4 41. Nh5 g4 42. Rc4 Rxh5# 0-1

[Event "XXVI Memorial Edoardo Crespi A"]
[Site "Milano ITA"]
[Date "2005.12.10"]
[Round "5"]
[White "Mazzariol, Oscar"]
[Black "Cartella, Giovanni"]
[Result "1-0"]
[WhiteElo "2065"]
[BlackElo "1937"]
[PlyCount "99"]
[EventDate "2005.12.07"]

1. d4 Nf6 2. Nf3 d5 3. Bf4 c6 4. c4 Qb6 5. Qc2 g6 6. c5 Qd8 7. Nbd2 Bg7 8. e3
O-O 9. Bd3 Re8 10. O-O Nbd7 11. Ne5 Nh5 12. Ndf3 Nxe5 13. Nxe5 Nxf4 14. exf4
Bd7 15. f5 Bxe5 16. dxe5 Bxf5 17. Bxf5 gxf5 18. Qxf5 e6 19. Qc2 f5 20. f4 Re7
21. Rf3 Rg7 22. b4 a6 23. a4 Rg4 24. g3 h5 25. h3 Rg7 26. Kf2 Kf7 27. Rb1 Qd7
28. Qe2 Rag8 29. b5 h4 30. bxa6 bxa6 31. Qxa6 Kg6 32. g4 fxg4 33. hxg4 d4 34.
Qd3+ Kf7 35. g5 Ra8 36. Rb4 Qd5 37. Qxd4 Kg6 38. Qxd5 cxd5 39. c6 Ra6 40. Rc3
Rc7 41. a5 Rcxc6 42. Rxc6 Rxc6 43. Ra4 Ra6 44. Kg2 Kf5 45. Kh3 d4 46. Rxd4 Rxa5
47. Kxh4 Ra1 48. Kg3 Ra3+ 49. Kf2 Kg6 50. Rd8 1-0

[Event "XXVI Memorial Edoardo Crespi A"]
[Site "Milano ITA"]
[Date "2005.12.10"]
[Round "5"]
[White "Pace, Pietro Dario"]
[Black "Barberi, Alessandro"]
[Result "1-0"]
[WhiteElo "2233"]
[BlackElo "2110"]
[PlyCount "52"]
[EventDate "2005.12.07"]

1. e4 g6 2. d4 Bg7 3. Nc3 d6 4. Nf3 Nd7 5. Bc4 e6 6. Bg5 Ne7 7. Qd2 h6 8. Be3
c6 9. a4 b6 10. O-O Bb7 11. Bb3 a6 12. Rad1 Qc7 13. Kh1 b5 14. d5 cxd5 15. exd5
Bxc3 16. bxc3 Bxd5 17. Bxd5 Nxd5 18. Bd4 Ne5 19. Rfe1 f6 20. axb5 axb5 21. Qe2
Qc6 22. Qe4 Ne7 23. Qf4 Nxf3 24. Rxe6 Nxd4 25. Qxd4 Rd8 26. Qxf6 Rf8 1-0